书目信息 |
| 题名: |
万用表速测集成电路数据大全
|
|
| 作者: | ;电子文摘报编辑部 编 | |
| 分册: | ||
| 出版信息: | 成都 电子科技大学出版社 1992.10 |
|
| 页数: | 297页 | |
| 开本: | 26cm | |
| 丛书名: | 家电维修丛书 | |
| 单 册: | ||
| 中图分类: | TN407 | |
| 科图分类: | 73.75157 | |
| 主题词: | 集成电路--测试--数据--手册 | |
| 电子资源: | ||
| ISBN: | 7-81016-440-6 | |
| 000 | 00959nam2 2200265 45 | |
| 001 | 0193018356 | |
| 005 | 20070926144444.32 | |
| 010 | @a7-81016-440-6@dCNY11.00 | |
| 100 | @a19800101d1992 em y0chiy0121 ea | |
| 101 | 0 | @achi |
| 102 | @aCN@b510000 | |
| 105 | @ak z 000yy | |
| 200 | 10 | @a万用表速测集成电路数据大全@AWAN YONG BIAO SU CE JI CHENG DIAN LU SHU JU DA QUAN@f《电子文摘报》编辑部编@F《 DIAN ZI WEN ZHAI BAO 》 BIAN JI BU BIAN |
| 210 | @a成都@c电子科技大学出版社@d1992.10 | |
| 215 | @a297页@d26cm | |
| 225 | 2 | @a家电维修丛书 |
| 330 | @a编入了1200余种常用集成电路的开路测试电阻,列出了电路图,给出了在路电阻和电压值。 | |
| 410 | 0 | @120010@a家电维修丛书 |
| 540 | 1 | @a万用表 集成 速测@AWAN YONG BIAO JI CHENG SU CHENG |
| 606 | @a集成电路@x测试@x数据@x手册 | |
| 690 | @aTN407@v三版 | |
| 692 | @a73.75157 | |
| 711 | 02 | @a电子文摘报编辑部@ADIAN ZI WEN ZHAI BAO BIAN JI BU@4编 |
| 801 | 0 | @aCN@bTSSF@c20070926 |
| 905 | @a10447@dTN407@e117 | |
| 万用表速测集成电路数据大全/《电子文摘报》编辑部编.-成都:电子科技大学出版社,1992.10 |
| 297页;26cm.-(家电维修丛书) |
| ISBN 7-81016-440-6:CNY11.00 |
| 编入了1200余种常用集成电路的开路测试电阻,列出了电路图,给出了在路电阻和电压值。 |
| ● |
| 相关链接 |
|
|
|
|
正题名:万用表速测集成电路数据大全
索取号:TN407/117
 
预约/预借
| 序号 | 登录号 | 条形码 | 馆藏地/架位号 | 状态 | 备注 |
| 1 | 0609827 | 206098275 | 第二样本阅览室/ [索取号:TN407/117] | 在馆 |